| 000 | 00918cam a2200265 i 4500 | ||
|---|---|---|---|
| 999 |
_c43511 _d43511 |
||
| 001 | 43511 | ||
| 003 | Mx-PuUPA | ||
| 005 | 20210308120034.0 | ||
| 008 | 140415s1998 sp gr 001 0 spa d | ||
| 020 | _a8425420741 | ||
| 040 |
_aMX-PuUPA _bspa _erda _cMx-PuUPA _dMx-PuUPA |
||
| 041 | 0 | _aspa | |
| 100 | 1 |
_aCuervo, Rufino José, _d1844-1911, _eautor _911397 |
|
| 245 | 1 | 0 |
_aDiccionario de construcción y régimen de la lengua castellana / _cR. J. Cuervo ; continuado y editado por Instituto Caro y Cuervo. |
| 264 | 1 |
_aBarcelona : _bEditorial Herder, _c1998 |
|
| 300 |
_a8 volúmenes (paginación varía) ; _c25 cm. |
||
| 336 |
_atexto _2rdacontent _btxt |
||
| 337 |
_asin medio _2rdamedia _bn |
||
| 338 |
_avolúmen _2rdacarrier _bnc |
||
| 650 | 4 |
_aEspañol _vDiccionarios |
|
| 710 |
_aInstituto Caro y Cuervo, _eeditor |
||
| 942 |
_2ddc _cLI _h465 _iC965 |
||